UBT Library

Immunology for the boards and wards / (Record no. 42342)

000 -LEADER
fixed length control field 00907cam a22002654a 4500
001 - CONTROL NUMBER
control field 12232896
005 - DATE AND TIME OF LATEST TRANSACTION
control field 20180213034425.0
008 - FIXED-LENGTH DATA ELEMENTS--GENERAL INFORMATION
fixed length control field 001116s2001 maua 001 0 eng c
010 ## - LIBRARY OF CONGRESS CONTROL NUMBER
LC control number 00066773
020 ## - INTERNATIONAL STANDARD BOOK NUMBER
International Standard Book Number 0632045744 (pbk.)
035 ## - SYSTEM CONTROL NUMBER
System control number (DNLM)100971433
040 ## - CATALOGING SOURCE
Original cataloging agency DNLM/DLC
Transcribing agency DLC
Modifying agency DLC
041 ## - LANGUAGE CODE
Language code of text/sound track or separate title eng
042 ## - AUTHENTICATION CODE
Authentication code pcc
060 10 - NATIONAL LIBRARY OF MEDICINE CALL NUMBER
Classification number QW 518.2
Item number A973i 2001
080 ## - UNIVERSAL DECIMAL CLASSIFICATION NUMBER
Universal Decimal Classification number 616.079076 AYA
082 00 - DEWEY DECIMAL CLASSIFICATION NUMBER
Classification number 616.079076 AYA
Edition number 21
100 1# - Rafti
Rafti 7
101 ## - Shkurtesa
Shkurtesa DER
245 10 - TITLE STATEMENT
Title Immunology for the boards and wards /
Statement of responsibility, etc Carlos Ayala, Brad Spellberg.
906 ## - LOCAL DATA ELEMENT F, LDF (RLIN)
a 7
b cbc
c orignew
d 1
e ocip
f 20
g y-gencatlg
942 ## - ADDED ENTRY ELEMENTS (KOHA)
Source of classification or shelving scheme
Item type Books
Holdings
Withdrawn status Lost status Source of classification or shelving scheme Damaged status Not for loan Collection code Permanent location Current location Shelving location Date acquired Total Checkouts Full call number Barcode Date last seen Price effective from Koha item type
          Koleksioni i përgjithshem UBT - Lipjan UBT - Lipjan Koleksioni i përgjithshem 02/13/2018   616.079076 AYA 002-2998064 02/13/2018 02/13/2018 Books
UBT Library © 2015-2024. All rights reserved University Education for Business and Technology